LDR 00799naa#a2200169#i#450# 001 EN\\bibl\126794 005 20260701122422.3 011 ## _a1815-588X 100 ## _a20260630b2026####ek#y0engy0150####ca 102 ## _aRU 200 1# _aStability of the Frame During Progressive Collapse and Exposure to Variable Temperature _eJournal article 210 1# _aSaint-Petersburg _cFSBEI HE "Emperor Alexander I St. Petersburg State Transport University" _d2026 215 ## _a5 с. 608 ## _aJournal article _2local 675 ## _aCтроительная механика. Графический и аналитический методы статики для исследования и расчета строительных конструкций. 624.04 _z 700 #1 _aShul'gin _gAleksey Aleksandrovich 856 4# _aitt-pgups.ru _u